Sports Quiz

Random Sports or Football Quiz

50 Greatest Big Ten Icons Quiz Stats

 Plays Quiz not verified by Sporcle

Support Sporcle.
Go Orange.
Score 0/50 Timer 10:00
0 Plays Today
Affiliated School and Sport Athlete % Correct
Michigan State BasketballEarving Magic Johnson
91.1%
Illinois FootballHarold Red Grange
79.5%
Ohio State FootballArchie Griffin
79%
Ohio State Track and FieldJesse Owens
73.9%
Wisconsin FootballRon Dayne
62.8%
Indiana BasketballIsiah Thomas
61.7%
Illinois FootballDick Butkus
59%
Michigan FootballCharles Woodson
58%
Ohio State BasketballJerry Lucas
51.8%
Ohio State GolfJack Nicklaus
51.2%
Purdue FootballRod Woodson
50.4%
Michigan FootballDesmond Howard
48.5%
Michigan FootballTom Harmon
48%
Indiana SwimmingMark Spitz
46.9%
Indiana BasketballSteve Alford
46.9%
Purdue FootballDrew Brees
45.6%
Iowa FootballNile Kinnick
44.2%
Purdue BasketballGlenn Robinson
43.9%
Michigan BasketballGlen Rice
41.8%
Michigan State FootballBubba Smith
40.7%
Minnesota BaseballDave Winfield
40.4%
Purdue BasketballJohn Wooden
39.6%
Purdue FootballBob Griese
39.6%
Purdue BasketballRick Mount
34%
Indiana BasketballScott May
34%
Affiliated School and Sport Athlete % Correct
Michigan FootballAnthony Carter
33.7%
Northwestern FootballPat Fitzgerald
28.6%
Iowa FootballChuck Long
26.4%
Indiana BasketballQuinn Buckner
25.9%
Indiana BasketballCalbert Cheaney
25.9%
Michigan BasketballCazzie Russell
25.1%
Northwestern FootballOtto Graham
24%
Minnesota FootballBronko Nagurski
22.4%
Penn State FootballLavar Arrington
19.4%
Michigan BaseballJim Abbott
18.9%
Wisconsin FootballAlan Ameche
18.3%
Penn State FootballJack Ham
17%
Wisconsin and Michigan FootballElroy Hirsch
15.4%
Penn State FootballJohn Cappelletti
14.8%
Ohio State FootballChris Spielman
14.6%
Penn State FootballCurt Warner
14%
Ohio State FootballHoward Hopalong Cassady
10.5%
Purdue FootballLeroy Keyes
10%
Iowa FootballAlex Karras
9.7%
Wisconsin Track/CrosscountrySuzy Favor Hamilton
8.9%
Minnesota FootballBobby Bell
7.3%
Iowa WrestlingTom Brands
7.3%
Minnesota HockeyNeal Broten
5.7%
Illinois FootballGeorge Halas
5.1%
Penn State VolleyballMegan Hodge
1.6%

You're not logged in!

Compare scores with friends on all Sporcle quizzes.
OR
Log In

From the Vault

Shakespeare Quotes

by Erin

Shakespeare was a pretty wordy guy, but we can't hold it against him.
Remove Ads.
Support Sporcle.
Get the best of Sporcle when you Go Orange. This ad-free experience offers more features, more stats, and more fun while also helping to support Sporcle. Thank you for becoming a member.

Show Comments

Extras

Top Quizzes Today


Score Distribution

Your Account Isn't Verified!

In order to create a playlist on Sporcle, you need to verify the email address you used during registration. Go to your Sporcle Settings to finish the process.

Report this User

Report this user for behavior that violates our Community Guidelines.

Details: